000 00698nam a22002057a 4500
999 _c176746
_d176746
005 20210122123801.0
010 _aENG-128817
020 _c396.00
_a978-81-8449-971-1
035 _aEN-112349
037 _bDBAD/PUB
082 _a485
100 _aSai Ram, A.
245 _aSmart English/
_bby A. Sai Ram, D. Mani and K. S. Krishna
260 _aChennai
_bSura College of Competition
_c2018
270 _bChennai
_e600040
_a1620, J Block, 16th Main Road, Anna Nagar
_k044-26162173, 261161099
_menquiry@surabooks.com
300 _a488+32p.
_c26cm(pbk)
_bIncluding tables and illustrations.
700 _aMani, D.
700 _aKrishna, K. S.
942 _2ddc
_cEN
_h485
_mSAI